NBA 2022–23 MVP Race by Week - Statistics

General Stats
  • This quiz has been taken 929 times
    801 since last reset
  • The average score is 22 of 29
Answer Stats
Highest Rank Player % Correct
1 Nikola Jokić
99%
1 Joel Embiid
97%
HM LeBron James
97%
1 G. Antetokounmpo
95%
5 Stephen Curry
94%
1 Luka Dončić
92%
1 Jayson Tatum
89%
3 Kevin Durant
89%
8 Anthony Davis
87%
7 James Harden
87%
7 S. Gilgeous-Alexander
87%
9 Jaylen Brown
84%
5 Devin Booker
81%
6 Damian Lillard
80%
HM Kyrie Irving
78%
10 Jimmy Butler
75%
HM Paul George
75%
3 Donovan Mitchell
74%
9 De'Aaron Fox
70%
5 Domantas Sabonis
70%
1 Ja Morant
70%
HM Trae Young
70%
5 DeMar DeRozan
65%
HM Bam Adebayo
60%
6 Zion Williamson
58%
7 Julius Randle
53%
4 Pascal Siakam
51%
HM Lauri Markkanen
39%
HM Desmond Bane
22%
No matching quizzes found
Score Distribution
Percent of People with Each Score
Percentile by Number Answered
Your Score History
You have not taken this quiz since the last reset